00383nam a2200109Ia 4500008004100000082000800041100001800049245008900067942000600156952009600162999001500258240331s9999 xx 000 0 und d bMEN aMendis, V.L.B 0aBritish governors and colonial policy in Sri Lanka :bthe Ceylon historical journal cL 001040708LaWERCLbWERCLcSSCd2024-03-31l0o 954.9 MENp617r2024-03-31w2024-03-31yL c3478d3478